立川式が採用されている駅 - Statistics

General Stats
  • This quiz has been taken 21 times
  • The average score is 9 of 13
Answer Stats
Answer % Correct
立川
100%
西荻窪
87%
高円寺
80%
阿佐ケ谷
80%
荻窪
80%
吉祥寺
80%
武蔵境
80%
武蔵小金井
80%
熊川
60%
菊名
53%
武蔵増戸
47%
武蔵五日市
47%
武蔵引田
40%
No matching quizzes found
Score Distribution
Percent of People with Each Score
Percentile by Number Answered
Your Score History
You have not taken this quiz